[Event "ICS Rated blitz match"]
[Site "204.178.125.65"]
[Date "2001.07.20"]
[Round "?"]
[White "Hossa"]
[Black "Mink"]
[Result "1/2-1/2"]
[WhiteElo "2625"]
[BlackElo "2656"]
[PlyCount "212"]
[EventDate "2001.??.??"]

1. e4 c5 2. Nc3 Nc6 3. f4 g6 4. Bc4 Bg7 5. Nf3 Na5 6. Be2 b6 7. O-O Bb7 8. d4
Rc8 9. d5 Bxc3 10. bxc3 Nf6 11. Nd2 O-O 12. c4 Ba6 13. e5 Ne8 14. Bb2 Qc7 15.
f5 Ng7 16. f6 exf6 17. Rxf6 Rcd8 18. Qf1 Ne8 19. Ne4 Rc8 20. Rf3 Qd8 21. Rf4
Qe7 22. Bc3 Nb7 23. Bd3 d6 24. exd6 Nbxd6 25. Nf6+ Nxf6 26. Bxf6 Qe3+ 27. Kh1
Rfe8 28. Rf3 Qd2 29. a3 Rb8 30. Rf4 Rb7 31. Rd1 Qe3 32. Rf3 Qh6 33. Rf4 b5 34.
cxb5 Bxb5 35. c4 Bd7 36. Rh4 Qe3 37. Rf4 Bf5 38. Bxf5 Nxf5 39. a4 Rb6 40. Ba1
Ra6 41. g3 Rxa4 42. d6 Qe6 43. d7 Rd8 44. Qf3 Qxd7 45. Rxd7 Rxa1+ 46. Kg2 Ra2+
47. Kh3 Rxd7 48. Qc6 Rdd2 49. Qe8+ Kg7 50. Qe5+ f6 51. Qc7+ Kg8 52. Qc8+ Kf7
53. Qb7+ Ne7 54. g4 Rxh2+ 55. Kg3 Rhc2 56. Qf3 Rg2+ 57. Qxg2 Rxg2+ 58. Kxg2 h6
59. Rf1 Nc6 60. Kg3 Ne5 61. Ra1 Nxc4 62. Rxa7+ Ke6 63. Rh7 Ne5 64. Rxh6 Kd5 65.
Kf4 Kd4 66. Rh8 c4 67. Rd8+ Kc5 68. Rc8+ Kd5 69. Rd8+ Ke6 70. Rc8 Kd7 71. Ra8
c3 72. Ra2 Nc6 73. Ra4 Ne5 74. Ra2 Nc6 75. Ra4 Kd6 76. Rc4 Ne7 77. Ke4 f5+ 78.
gxf5 gxf5+ 79. Kd4 Nd5 80. Rc8 Nf4 81. Kxc3 Kd5 82. Rd8+ Ke4 83. Kc4 Ng6 84.
Rd4+ Kf3 85. Rd1 f4 86. Kd4 Kf2 87. Ra1 f3 88. Ra5 Nh4 89. Kd3 Kg3 90. Rg5+ Kf2
91. Rg8 Nf5 92. Ke4 Ng3+ 93. Ke5 Ne2 94. Rb8 Kg3 95. Rb3 Ng1 96. Ke4 Kg2 97.
Rb4 Ne2 98. Rb2 Kg3 99. Ke3 Nf4 100. Rb1 Nd5+ 101. Kd4 Ne7 102. Ke5 Ng6+ 103.
Kf5 Nh4+ 104. Kg5 Ng2 105. Rb3 Nf4 106. Rxf3+ Kxf3 {
Game drawn because neither player has mating material} 1/2-1/2

[Event "ICS rated blitz match"]
[Site "204.178.125.65"]
[Date "2001.07.20"]
[Round "?"]
[White "Tinker"]
[Black "Hossa"]
[Result "0-1"]
[WhiteElo "2571"]
[BlackElo "2626"]
[PlyCount "86"]
[EventDate "2001.??.??"]

1. e4 c5 2. Nf3 d6 3. d4 cxd4 4. Nxd4 Nf6 5. Nc3 a6 6. Bg5 e6 7. f4 Qb6 8. Nb3
Nbd7 9. Qf3 Be7 10. O-O-O O-O 11. Na4 Qc7 12. Qc3 Qb8 13. Qe1 b5 14. Nd4 Bb7
15. Nc3 b4 16. Nce2 Bxe4 17. Ng3 Bd5 18. Ngf5 exf5 19. Qxe7 Be4 20. Bc4 Ra7 21.
Bb3 Nc5 22. Bxf6 Rxe7 23. Bxe7 Rc8 24. Rd2 Qc7 25. Bh4 Nd3+ 26. Rxd3 Bxd3 27.
Kb1 Be4 28. Rd1 a5 29. Ba4 Qb6 30. Bf2 Qa6 31. Re1 Qa7 32. Be3 Qc7 33. Re2 g6
34. g3 Kg7 35. h3 Qb7 36. Bf2 Bg2 37. Nb3 Bxh3 38. Bd4+ Kg8 39. Rd2 Qh1+ 40.
Nc1 Qe1 41. Rd3 Bf1 42. Rf3 Qd1 43. Rf2 Qxd4 {Tinker resigns} 0-1

[Event "ICS Rated blitz match"]
[Site "204.178.125.65"]
[Date "2001.07.20"]
[Round "?"]
[White "Hossa"]
[Black "Mink"]
[Result "1/2-1/2"]
[WhiteElo "2639"]
[BlackElo "2655"]
[PlyCount "113"]
[EventDate "2001.??.??"]

1. e4 c5 2. Nf3 Nc6 3. d4 cxd4 4. Nxd4 e6 5. Nc3 Nf6 6. Nxc6 bxc6 7. e5 Nd5 8.
Ne4 Qc7 9. f4 Qa5+ 10. c3 Be7 11. Bd3 O-O 12. O-O Ba6 13. Bxa6 Qxa6 14. g3 Qb5
15. Rf2 c5 16. b3 c4 17. Qe2 Rfc8 18. Bb2 Rab8 19. b4 Qb6 20. Rd1 a5 21. a3
axb4 22. axb4 Ra8 23. f5 Ra2 24. f6 Bf8 25. fxg7 Bxg7 26. Rd2 Bxe5 27. Nc5 Rxb2
28. Rxb2 Bxc3 29. Rc2 Bxb4 30. Nxd7 Qa7 31. Ne5 Bc5 32. Rxc4 Bxf2+ 33. Qxf2
Qxf2+ 34. Kxf2 Rxc4 35. Nxc4 f6 36. Kf3 Kf7 37. Ke4 Ke7 38. Kd4 Kd7 39. Kc5 h5
40. Kd4 Ne7 41. Kc5 e5 42. Nd6 f5 43. Nb5 Ke6 44. Nc7+ Kf7 45. Nb5 Kf6 46. Nd6
f4 47. gxf4 exf4 48. Kd4 Nf5+ 49. Nxf5 Kxf5 50. Kd3 Kg4 51. Ke2 Kh3 52. Kf3
Kxh2 53. Kxf4 h4 54. Kf3 h3 55. Kf2 Kh1 56. Kg3 h2 57. Kf2 {Mink stalemated}
1/2-1/2

[Event "ICS rated blitz match"]
[Site "204.178.125.65"]
[Date "2001.07.20"]
[Round "?"]
[White "human8128"]
[Black "Hossa"]
[Result "0-1"]
[WhiteElo "2050"]
[BlackElo "2640"]
[PlyCount "66"]
[EventDate "2001.??.??"]

1. e4 c5 2. Nf3 d6 3. d4 cxd4 4. Nxd4 Nf6 5. Nc3 a6 6. Be2 Nbd7 7. O-O e6 8.
Kh1 Be7 9. f4 O-O 10. f5 Ne5 11. Qe1 Qb6 12. Nf3 exf5 13. Nxe5 dxe5 14. exf5
Bd7 15. Bd3 Qd4 16. Ne4 Bc6 17. Nxf6+ Bxf6 18. Qg3 e4 19. Be2 Qa4 20. Bh6 Kh8
21. Bf4 Qxc2 22. Bh5 Qxb2 23. Rab1 Qxa2 24. Be5 Bxe5 25. Qxe5 e3 26. Bf3 Bxf3
27. gxf3 Rfe8 28. Qd4 Rad8 29. Qc3 Rd2 30. Qc7 e2 31. Rg1 Qxb1 32. Rxb1 e1=Q+
33. Rxe1 Rxe1# {human8128 checkmated} 0-1

[Event "ICS rated blitz match"]
[Site "204.178.125.65"]
[Date "2001.07.20"]
[Round "?"]
[White "Hossa"]
[Black "Cedars"]
[Result "1-0"]
[WhiteElo "2641"]
[BlackElo "2166"]
[PlyCount "63"]
[EventDate "2001.??.??"]

1. e4 e5 2. Nf3 Nc6 3. Bb5 a6 4. Ba4 Nf6 5. d4 Nxe4 6. dxe5 Nc5 7. Bxc6 bxc6 8.
Nd4 Ne6 9. Nxe6 fxe6 10. Qg4 Qe7 11. Nc3 d5 12. O-O Qf7 13. Qa4 Bb7 14. Qb3
O-O-O 15. Na4 c5 16. Qc3 d4 17. Qc4 Rd5 18. f4 Qd7 19. b3 Qc6 20. Qe2 Be7 21.
Rf2 Kb8 22. Ba3 Bh4 23. Rf3 g5 24. Rh3 Rg8 25. Qe4 Qb5 26. Qxh7 Rf8 27. Qh5
Rxf4 28. g3 Rxe5 29. Qh8+ Ka7 30. Qxe5 Rf5 31. Qxc7 c4 32. Bc5+ {Cedars resigns
} 1-0

[Event "ICS rated blitz match"]
[Site "204.178.125.65"]
[Date "2001.07.20"]
[Round "?"]
[White "Cedars"]
[Black "Hossa"]
[Result "0-1"]
[WhiteElo "2164"]
[BlackElo "2643"]
[PlyCount "64"]
[EventDate "2001.??.??"]

1. e4 c6 2. d4 d5 3. Nc3 dxe4 4. f3 exf3 5. Qxf3 Qxd4 6. Be3 Qb4 7. Nge2 Qxb2
8. Rd1 Qxc2 9. Qg3 Nd7 10. Rd2 Qg6 11. Qc7 e5 12. Ng3 Qe6 13. Qa5 b6 14. Qa4
Bc5 15. Bc4 Qg6 16. Rxd7 Bxd7 17. Bxc5 bxc5 18. O-O Nf6 19. Nce4 Nxe4 20. Bxf7+
Qxf7 21. Rxf7 Nxg3 22. Rxd7 Ne2+ 23. Kf2 Kxd7 24. Qg4+ Kd6 25. Kxe2 g6 26. Ke3
Rhc8 27. Ke4 Rf8 28. Qd1+ Kc7 29. g3 Rad8 30. Qc1 Rd4+ 31. Kxe5 Rf5+ 32. Ke6
Re4# {Cedars checkmated} 0-1

[Event "ICS Rated blitz match"]
[Site "204.178.125.65"]
[Date "2001.07.20"]
[Round "?"]
[White "Hossa"]
[Black "Yace"]
[Result "1-0"]
[WhiteElo "2645"]
[BlackElo "2842"]
[PlyCount "258"]
[EventDate "2001.??.??"]

1. e4 e5 2. Nf3 Nf6 3. Nxe5 d6 4. Nf3 Nxe4 5. d4 d5 6. Bd3 Bd6 7. O-O O-O 8. c4
c6 9. cxd5 cxd5 10. Nc3 Nxc3 11. bxc3 Bg4 12. Rb1 Nd7 13. h3 Bh5 14. Rb5 Nb6
15. c4 Bxf3 16. Qxf3 dxc4 17. Bc2 Qd7 18. a4 g6 19. Bd2 c3 20. Bxc3 Rac8 21.
Be4 Rc4 22. Rbb1 Qxa4 23. Bb2 Re8 24. Bxb7 Qa2 25. Bc6 Rb8 26. d5 Na4 27. Bxa4
Rxb2 28. Ra1 Qxa1 29. Rxa1 Rxa4 30. Re1 Bc5 31. Re8+ Kg7 32. Re2 Rxe2 33. Qxe2
Rd4 34. Qe5+ Kg8 35. Kf1 Rd2 36. Ke1 Ra2 37. d6 Bxf2+ 38. Kd1 Bb6 39. d7 Rxg2
40. Qd5 Rh2 41. h4 Rh3 42. d8=R+ Bxd8 43. Qxd8+ Kg7 44. Qd4+ Kg8 45. Ke2 Ra3
46. Qd6 Ra2+ 47. Kf3 h5 48. Qb8+ Kg7 49. Qe5+ Kg8 50. Ke3 Ra6 51. Kd2 Ra2+ 52.
Kc3 Ra3+ 53. Kb4 Rf3 54. Qe7 Rf5 55. Kc3 a5 56. Kd3 Kg7 57. Qe4 Rb5 58. Qd4+
Kg8 59. Kc3 Rb4 60. Qd5 Kg7 61. Qe5+ Kh7 62. Qf6 Kg8 63. Qg5 Kg7 64. Qe7 Rg4
65. Qe5+ Kh7 66. Qf6 Kg8 67. Kb2 Rb4+ 68. Kc2 Rc4+ 69. Kd3 Rg4 70. Qd6 a4 71.
Kc3 f5 72. Qf6 Kh7 73. Qf7+ Kh6 74. Qf8+ Kh7 75. Kb2 Rg2+ 76. Kc1 Rg4 77. Kd2
Re4 78. Kd3 Rg4 79. Ke2 Re4+ 80. Kf2 Rd4 81. Kg2 Rd7 82. Qa8 Re7 83. Qxa4 Kg8
84. Qf4 Kg7 85. Qd4+ Kf7 86. Qc4+ Kf8 87. Kf3 Kg7 88. Qd4+ Kf7 89. Qd5+ Kg7 90.
Qd6 Re4 91. Qd7+ Kf6 92. Kf2 Re7 93. Qd6+ Kf7 94. Qd5+ Kf8 95. Kg2 Re4 96. Qd8+
Kf7 97. Qd7+ Re7 98. Qc8 Kg7 99. Qd8 Kf7 100. Qd5+ Kg7 101. Qa8 Re4 102. Qa3
Re2+ 103. Kf3 Re4 104. Qb2+ Kf7 105. Qb8 Kg7 106. Qa7+ Kf6 107. Qd7 Re7 108.
Qd6+ Kf7 109. Kf4 Re4+ 110. Kg5 Re6 111. Qc7+ Ke8 112. Kh6 f4 113. Qxf4 Kd7
114. Qd4+ Rd6 115. Qa4+ Kd8 116. Qa8+ Kc7 117. Qe4 Kd7 118. Qb7+ Kd8 119. Kg5
Re6 120. Qd5+ Ke7 121. Qd4 Rd6 122. Qa7+ Kd8 123. Qa5+ Kd7 124. Qa4+ Kc7 125.
Qe8 Rc6 126. Qe7+ Kc8 127. Kh6 Ra6 128. Qc5+ Kd8 129. Kg7 Kd7 {Yace resigns}
1-0

[Event "ICS Rated standard match"]
[Site "204.178.125.65"]
[Date "2001.07.20"]
[Round "?"]
[White "Hossa"]
[Black "Yace"]
[Result "0-1"]
[WhiteElo "2299"]
[BlackElo "2673"]
[PlyCount "73"]
[EventDate "2001.??.??"]

1. e4 c6 2. d4 d5 3. Nc3 dxe4 4. Nxe4 Bf5 5. Nc5 b6 6. Nb3 Nf6 7. Nf3 g6 8. Bd3
Bxd3 9. Qxd3 Bg7 10. O-O O-O 11. Ne5 a5 12. Re1 Qc7 13. Bf4 Nh5 14. Bg5 e6 15.
Ng4 a4 16. Nd2 Ra5 17. Qe3 c5 18. Nh6+ Kh8 19. dxc5 Rxc5 20. Ne4 Rxc2 21. Rac1
Rc6 22. g4 f6 23. gxh5 fxg5 24. Qxg5 Qf4 25. Rxc6 Nxc6 26. Ng4 Nd4 27. Re3 Nf3+
28. Rxf3 Qxf3 29. Ng3 gxh5 30. Nxh5 Bd4 31. h3 Bxf2+ 32. Kh2 Bg1+ 33. Kxg1 Qf1+
34. Kh2 Qe2+ 35. Nf2 Rxf2+ 36. Kg3 Rg2+ 37. Kh4 {Hossa resigns} 0-1

[Event "ICS rated blitz match"]
[Site "204.178.125.65"]
[Date "2001.07.20"]
[Round "?"]
[White "Yace"]
[Black "Hossa"]
[Result "1-0"]
[WhiteElo "2818"]
[BlackElo "2669"]
[PlyCount "150"]
[EventDate "2001.??.??"]

1. e4 c5 2. Nf3 d6 3. d4 cxd4 4. Nxd4 Nf6 5. Nc3 a6 6. Be2 Nbd7 7. O-O e6 8. f4
Be7 9. Kh1 O-O 10. Be3 Qc7 11. Qe1 b6 12. Bf3 Bb7 13. Qg3 Nc5 14. f5 e5 15. Bh6
Ne8 16. Nb3 Nxb3 17. cxb3 Rc8 18. Rac1 Qd8 19. Rc2 b5 20. Rfc1 Bh4 21. Qg4 b4
22. Nd5 Rxc2 23. Rxc2 Bxd5 24. exd5 Be7 25. Bd2 Qd7 26. Qe4 Nf6 27. Qd3 Rb8 28.
Rc6 a5 29. Qc2 Bd8 30. Bg5 Ne8 31. Be3 Bh4 32. Ra6 Qd8 33. g3 Bg5 34. Bxg5 Qxg5
35. Rxa5 Qe3 36. Kg2 Qb6 37. Ra4 Qe3 38. Ra6 Rb7 39. Ra8 Re7 40. Qc6 Qd2+ 41.
Kf1 Kf8 42. Qxd6 Qc1+ 43. Kf2 Qxb2+ 44. Be2 Qd4+ 45. Kf1 f6 46. Qc6 Qe4 47. Kf2
Qh1 48. Ke3 Qg1+ 49. Kd2 Qd4+ 50. Ke1 Qg1+ 51. Bf1 Qe3+ 52. Kd1 Qf3+ 53. Be2
Qh1+ 54. Kd2 e4 55. Qc4 Qb1 56. Ke3 Qg1+ 57. Kd2 e3+ 58. Kc2 Qe1 59. Rc8 Re5
60. Qb5 Qd2+ 61. Kb1 Qe1+ 62. Rc1 Qd2 63. Qc5+ Kg8 64. Rc2 Qe1+ 65. Kb2 g6 66.
Qc8 Kg7 67. Qd7+ Kh6 68. d6 Qh1 69. fxg6 hxg6 70. Qh3+ Kg7 71. d7 Qd5 72.
dxe8=N+ Rxe8 73. Rc7+ Re7 74. Rxe7+ Kf8 75. Rd7 Qe5+ {Hossa resigns} 1-0

[Event "ICS rated blitz match"]
[Site "204.178.125.65"]
[Date "2001.07.20"]
[Round "?"]
[White "Hossa"]
[Black "Yace"]
[Result "0-1"]
[WhiteElo "2659"]
[BlackElo "2828"]
[PlyCount "136"]
[EventDate "2001.??.??"]

1. e4 e6 2. Nc3 d5 3. Nf3 Nf6 4. e5 Nfd7 5. Be2 c5 6. O-O d4 7. Ne4 Qc7 8. b4
Nxe5 9. bxc5 Nxf3+ 10. Bxf3 Nd7 11. c3 Nxc5 12. cxd4 Nxe4 13. Bxe4 f5 14. Bf3
Bd6 15. g3 O-O 16. d5 f4 17. d4 fxg3 18. fxg3 e5 19. dxe5 Bxe5 20. Ba3 Bxa1 21.
Bxf8 Bh3 22. Rf2 Rxf8 23. Qxa1 Qc5 24. Qd1 a5 25. Qe2 Rxf3 26. Qxf3 Qc1+ 27.
Rf1 Bxf1 28. Qxf1 Qc5+ 29. Qf2 Qxd5 30. Qc2 h5 31. a3 b5 32. Qc3 a4 33. Qc8+
Kh7 34. Qe8 Qc5+ 35. Kg2 g6 36. Qd7+ Kh6 37. Qd2+ Qg5 38. Qd6 Qf5 39. h3 Qf7
40. Qd2+ Kg7 41. Qd4+ Kh7 42. Qd6 Qe8 43. Kf2 Kg7 44. Qd4+ Kf7 45. g4 Qf8 46.
gxh5 gxh5 47. Qc3 Ke6+ 48. Kg2 Qa8+ 49. Kf2 Qd5 50. Qc8+ Ke5 51. Qe8+ Kd4 52.
Qf8 Qc5 53. Qf3 Qc2+ 54. Kg1 Qc1+ 55. Kf2 Qd2+ 56. Kg1 Qe3+ 57. Kg2 Qxf3+ 58.
Kxf3 b4 59. Kf4 Kc5 60. Kf5 bxa3 61. Ke6 a2 62. Kf5 Kd5 63. Kf4 a1=Q 64. Ke3
Qf1 65. h4 a3 66. Kd2 a2 67. Ke3 a1=Q 68. Kd2 Qac1# {Hossa checkmated} 0-1

[Event "ICS rated blitz match"]
[Site "204.178.125.65"]
[Date "2001.07.20"]
[Round "?"]
[White "Yace"]
[Black "Hossa"]
[Result "1/2-1/2"]
[WhiteElo "2837"]
[BlackElo "2650"]
[PlyCount "158"]
[EventDate "2001.??.??"]

1. d4 e6 2. c4 Bb4+ 3. Bd2 a5 4. g3 Ne7 5. Bxb4 axb4 6. Nf3 d5 7. e3 Bd7 8.
Nbd2 O-O 9. Qc2 dxc4 10. Bxc4 Ba4 11. b3 Bc6 12. O-O Nd7 13. Rfc1 Nd5 14. e4
N5b6 15. Be2 f5 16. e5 Nd5 17. Bc4 N7b6 18. Bd3 Ra3 19. Nc4 Nxc4 20. Qxc4 Qd7
21. Nd2 Ra5 22. Re1 Rfa8 23. Rec1 Rxa2 24. Rxa2 Rxa2 25. Nb1 Qe8 26. Bf1 Qg6
27. Bg2 Nf4 28. Bxc6 Ne2+ 29. Kg2 bxc6 30. Re1 Nf4+ 31. Kf1 Nh3 32. Re2 Ra1 33.
Re1 f4 34. Nd2 fxg3 35. Rxa1 g2+ 36. Ke2 g1=Q 37. Rxg1 Nxg1+ 38. Ke3 Qg5+ 39.
f4 Qg4 40. Qf1 h6 41. Ne4 Nh3 42. Nc5 g5 43. fxg5 Qxg5+ 44. Ke4 Qg4+ 45. Ke3
Ng5 46. Qf2 Kh7 47. h4 Qh3+ 48. Kd2 Qc3+ 49. Ke2 Qc2+ 50. Ke3 Qc1+ 51. Qd2 Qg1+
52. Kd3 Qf1+ 53. Kc2 Qf5+ 54. Nd3 Nf3 55. Qxb4 c5 56. dxc5 Nxe5 57. Qd4 Nxd3
58. Qxd3 Kg6 59. Kc3 Qxd3+ 60. Kxd3 c6 61. b4 Kf6 62. Kc4 e5 63. b5 cxb5+ 64.
Kxb5 e4 65. c6 e3 66. c7 e2 67. c8=Q e1=Q 68. Qf8+ Kg6 69. h5+ Kg5 70. Qc5+ Kf4
71. Qd6+ Qe5+ 72. Qxe5+ Kxe5 73. Kc5 Kf5 74. Kb4 Kg5 75. Kc3 Kg4 76. Kd3 Kg5
77. Kc3 Kg4 78. Kd3 Kg5 79. Kc3 Kg4 {Game drawn by repetition} 1/2-1/2

[Event "ICS Rated blitz match"]
[Site "204.178.125.65"]
[Date "2001.07.20"]
[Round "?"]
[White "Hossa"]
[Black "Yace"]
[Result "0-1"]
[WhiteElo "2658"]
[BlackElo "2829"]
[PlyCount "117"]
[EventDate "2001.??.??"]

1. e4 c5 2. Nf3 d6 3. d4 cxd4 4. Nxd4 Nf6 5. Nc3 e6 6. g4 h6 7. Rg1 Be7 8. Rb1
Nc6 9. Be3 Bd7 10. Ndb5 Qb8 11. Be2 a6 12. Nd4 d5 13. exd5 exd5 14. Rh1 O-O 15.
h4 Bb4 16. a3 Bxc3+ 17. bxc3 Ne5 18. g5 Ne4 19. Rb3 Ba4 20. gxh6 Bxb3 21. hxg7
Re8 22. cxb3 Nxc3 23. Qd2 Nxe2 24. Qxe2 Qc7 25. Qh5 Qc3+ 26. Kf1 Qd3+ 27. Kg2
Qe4+ 28. Kh2 Ng6 29. Nf3 f6 30. Rg1 Ne5 31. Nd4 Nf7 32. Nf5 Re5 33. Nh6+ Nxh6
34. Qxh6 Kf7 35. Bd4 Qxd4 36. g8=Q+ Rxg8 37. Qh7+ Ke6 38. Qxg8+ Kd6 39. Qd8+
Ke6 40. Qc8+ Kd6 41. Qf8+ Re7 42. Qb8+ Kc6 43. Qc8+ Kb6 44. Qd8+ Rc7 45. Kg3
Qe5+ 46. Kg2 Ka7 47. Re1 Rg7+ 48. Kf1 Qd4 49. Qc8 Rg4 50. Qc7 Rxh4 51. Kg2 Rh5
52. Qc8 f5 53. Qc7 f4 54. Re7 f3+ 55. Kg3 Rg5+ 56. Kxf3 Rf5+ 57. Kg3 Qxf2+ 58.
Kh3 Qf3+ 59. Kh2 {Hossa resigns} 0-1

[Event "ICS rated blitz match"]
[Site "204.178.125.65"]
[Date "2001.07.20"]
[Round "?"]
[White "Tinker"]
[Black "Hossa"]
[Result "0-1"]
[WhiteElo "2567"]
[BlackElo "2649"]
[PlyCount "106"]
[EventDate "2001.??.??"]

1. e4 c5 2. Nf3 d6 3. d4 cxd4 4. Nxd4 Nf6 5. Nc3 a6 6. Bg5 e6 7. f4 Qb6 8. Nb3
Nbd7 9. Qf3 Be7 10. O-O-O O-O 11. Na4 Qc7 12. Kb1 b5 13. Nc3 b4 14. Ne2 Bb7 15.
Ng3 a5 16. Bb5 a4 17. Nc1 Nc5 18. Rd4 Rab8 19. Bxf6 Bxf6 20. Rxb4 Qa5 21. a3
Nxe4 22. Nxe4 Bxe4 23. Qxe4 Rxb5 24. Rd1 d5 25. Rxb5 Qxb5 26. Qb4 Qc6 27. Rd2
Qa8 28. Nd3 Rb8 29. Qc5 Qb7 30. Nb4 Be7 31. Qd4 Bxb4 32. axb4 Qxb4 33. Qxb4
Rxb4 34. g3 Kf8 35. Rd3 Re4 36. Kc1 Ke7 37. Rd1 Kf6 38. Kd2 Rd4+ 39. Kc1 Rxd1+
40. Kxd1 h5 41. Ke2 g5 42. Ke3 gxf4+ 43. Kxf4 e5+ 44. Kf3 Kg5 45. h3 e4+ 46.
Ke2 f5 47. Kf2 h4 48. Kg2 hxg3 49. Kxg3 f4+ 50. Kf2 e3+ 51. Kf3 Kh4 52. Ke2
Kxh3 53. Kf3 d4 {Tinker resigns} 0-1

[Event "ICS rated blitz match"]
[Site "204.178.125.65"]
[Date "2001.07.20"]
[Round "?"]
[White "PostModernist"]
[Black "Hossa"]
[Result "1-0"]
[WhiteElo "2856"]
[BlackElo "2661"]
[PlyCount "80"]
[EventDate "2001.??.??"]

1. e4 c5 2. Nc3 Nc6 3. Nf3 e6 4. d4 cxd4 5. Nxd4 a6 6. Nxc6 bxc6 7. Bd3 d5 8.
O-O Bd6 9. Re1 Ne7 10. Qg4 Qc7 11. Kh1 Be5 12. exd5 cxd5 13. Bd2 Bb7 14. Qh5
Bd6 15. h3 g6 16. Qh4 h5 17. Qf6 Rh7 18. a3 O-O-O 19. b4 Ng8 20. Qd4 e5 21. Qa7
d4 22. Ne4 f5 23. Nxd6+ Qxd6 24. Qc5+ Qxc5 25. bxc5 e4 26. Bc4 Kd7 27. Ba5 Re8
28. Rad1 Kc6 29. Bb6 Bc8 30. Rxd4 Rd7 31. Rxd7 Kxd7 32. Rd1+ Ke7 33. c6 Kf8 34.
Rd6 Ne7 35. c7 g5 36. Bc5 Kg7 37. Rd8 Kf8 38. Bd5 e3 39. fxe3 Kg7 40. Bxe7 Rxe7
{Hossa resigns} 1-0

[Event "ICS rated blitz match"]
[Site "204.178.125.65"]
[Date "2001.07.20"]
[Round "?"]
[White "Hossa"]
[Black "ChesterX"]
[Result "0-1"]
[WhiteElo "2653"]
[BlackElo "2846"]
[PlyCount "91"]
[EventDate "2001.??.??"]

1. e4 Nf6 2. e5 Nd5 3. Nc3 Nxc3 4. bxc3 d6 5. f4 dxe5 6. fxe5 Nc6 7. Nf3 Qd5 8.
d4 f6 9. exf6 exf6 10. Bd3 Bf5 11. Qe2+ Be7 12. Bxf5 Qxf5 13. O-O O-O-O 14. Nh4
Qd5 15. Nf5 Bf8 16. a4 Qd7 17. Rb1 a6 18. Bd2 Re8 19. Qc4 g6 20. Ng3 f5 21. Bf4
Na5 22. Qa2 Bd6 23. Bxd6 Qxd6 24. Rfe1 Qc6 25. Qf7 Nc4 26. Re2 Qxa4 27. Rbe1
Rxe2 28. Rxe2 Nd6 29. Qb3 Qa1+ 30. Nf1 Ne4 31. Qe6+ Kb8 32. Qe5 Rc8 33. Re3 Qb2
34. Qa5 Qxc2 35. Qa1 f4 36. Rf3 g5 37. Qa3 Re8 38. Qb4 Re6 39. c4 Rb6 40. Qf8+
Ka7 41. Qc8 Rb2 42. Qh3 h5 43. g4 hxg4 44. Qxg4 Ng3 45. Qh3 Nxf1 46. c5 {
Hossa resigns} 0-1

[Event "ICS Rated blitz match"]
[Site "204.178.125.65"]
[Date "2001.07.20"]
[Round "?"]
[White "Yace"]
[Black "Hossa"]
[Result "1-0"]
[WhiteElo "2780"]
[BlackElo "2645"]
[PlyCount "174"]
[EventDate "2001.??.??"]

1. d4 e6 2. c4 Bb4+ 3. Bd2 a5 4. Nf3 d6 5. Nc3 Nf6 6. Qc2 O-O 7. Bg5 a4 8. e3
h6 9. Bxf6 Qxf6 10. Bd3 a3 11. O-O axb2 12. Qxb2 Ba5 13. Ne4 Qe7 14. c5 dxc5
15. Nxc5 b6 16. Be4 c6 17. Nb3 Bb4 18. Ne5 Bb7 19. Nd2 Ra7 20. Ndc4 b5 21. a3
Ba5 22. Nxa5 Rxa5 23. Rfc1 Rc8 24. Qb4 Qxb4 25. axb4 Rxa1 26. Rxa1 f6 27. Ng6
Kf7 28. Ra7 Rc7 29. Nf4 f5 30. Bf3 Ke7 31. Nd3 Kd6 32. Bd1 Na6 33. Bb3 g5 34.
g3 Ke7 35. f4 Kf6 36. Kf2 g4 37. Ke1 h5 38. Bd1 Rh7 39. Be2 Rg7 40. Bf1 Bc8 41.
Ra8 Rc7 42. Kd2 Ke7 43. Kc3 Kf8 44. Ne5 Kg7 45. Kb3 Bb7 46. Re8 Bc8 47. Bg2 Nb8
48. Kc2 Na6 49. Kb3 Nb8 50. Rd8 Kh7 51. Nf7 Rxf7 52. Rxc8 Na6 53. Rxc6 Nc7 54.
Rc5 Kg6 55. Bc6 Re7 56. e4 fxe4 57. Bxe4+ Kf6 58. Rxh5 Rg7 59. Bd3 Rg8 60. Rc5
Rg7 61. Rh5 Rg8 62. Rc5 Rg7 63. Rc6 Rd7 64. Be2 Kf5 65. Rc5+ Ke4 66. Re5+ Kxd4
67. Bxg4 Rh7 68. Rc5 Ke3 69. Rc2 Rg7 70. Re2+ Kd3 71. Bf3 Rh7 72. Rc2 Kd4 73.
Bc6 Ke3 74. Ka3 Kd3 75. Kb2 Ke3 76. Kb3 Rf7 77. Ra2 Rg7 78. Ra7 Kf2 79. Bxb5
Kg1 80. Bc6 Kxh2 81. Kb2 Kxg3 82. b5 Rh7 83. b6 Rh2+ 84. Kc3 Rh5 85. bxc7 Rc5+
86. Kb4 Rxc6 87. Ra3+ Kg4 {Hossa resigns} 1-0

[Event "ICS Rated blitz match"]
[Site "204.178.125.65"]
[Date "2001.07.20"]
[Round "?"]
[White "Hossa"]
[Black "rabotnik"]
[Result "1-0"]
[WhiteElo "2635"]
[BlackElo "2027"]
[PlyCount "43"]
[EventDate "2001.??.??"]

1. d4 d6 2. g3 e5 3. dxe5 dxe5 4. Qxd8+ Kxd8 5. Nc3 c6 6. Nf3 f6 7. Bg2 Be6 8.
Be3 Nd7 9. O-O Ne7 10. Rfd1 Nd5 11. Bd2 Kc7 12. a4 a5 13. Ne4 b6 14. Rab1 Be7
15. b3 h6 16. c4 Nb4 17. Nh4 f5 18. Ng6 Rhe8 19. Nxe7 Rxe7 20. Nd6 Nc5 21. Bc3
Bd7 22. Nb5+ {rabotnik resigns} 1-0

[Event "ICS rated blitz match"]
[Site "204.178.125.65"]
[Date "2001.07.20"]
[Round "?"]
[White "Tinker"]
[Black "Hossa"]
[Result "0-1"]
[WhiteElo "2527"]
[BlackElo "2636"]
[PlyCount "126"]
[EventDate "2001.??.??"]

1. e4 c6 2. d4 d5 3. Nc3 dxe4 4. Nxe4 Bf5 5. Ng3 Bg6 6. h4 h6 7. Nf3 Nd7 8. h5
Bh7 9. Bd3 Bxd3 10. Qxd3 Ngf6 11. Bd2 e6 12. O-O-O Qc7 13. Ne4 Nxe4 14. Qxe4
Nf6 15. Qe2 O-O-O 16. g3 Be7 17. Ne5 Bd6 18. Nc4 Qe7 19. Nxd6+ Qxd6 20. Bf4 Qd5
21. Kb1 Qe4 22. Qd2 Nd5 23. Rh4 Qf3 24. Rg1 Nxf4 25. Qxf4 Qxf4 26. Rxf4 Rd7 27.
f3 Kc7 28. Re1 b6 29. c4 Rhd8 30. Kc2 c5 31. dxc5 bxc5 32. Rg4 Rg8 33. a3 a5
34. b3 Kc6 35. Re3 Rd6 36. Rge4 g6 37. hxg6 Rxg6 38. g4 Rg5 39. Rf4 Rd7 40. Kc3
Rb7 41. Re2 h5 42. gxh5 Rxh5 43. Kc2 Rh1 44. Rg2 Ra1 45. Kb2 Re1 46. Re4 Rxe4
47. fxe4 a4 48. b4 cxb4 49. Rg5 b3 50. Ra5 Kb6 51. Rb5+ Ka6 52. Rxb7 Kxb7 53.
e5 Kc6 54. Kc3 Kd7 55. Kd3 Ke7 56. Kc3 f6 57. exf6+ Kxf6 58. c5 Ke5 59. c6 Kd6
60. c7 Kxc7 61. Kb2 Kd6 62. Kb1 b2 63. Kxb2 Kd5 {Tinker resigns} 0-1

[Event "ICS Rated blitz match"]
[Site "204.178.125.65"]
[Date "2001.07.20"]
[Round "?"]
[White "Hossa"]
[Black "ChesterX"]
[Result "0-1"]
[WhiteElo "2647"]
[BlackElo "2863"]
[PlyCount "111"]
[EventDate "2001.??.??"]

1. d4 d5 2. c4 dxc4 3. Nf3 Nf6 4. e3 e6 5. Bxc4 c5 6. O-O a6 7. dxc5 Bxc5 8.
Qxd8+ Kxd8 9. Bd2 Ke7 10. Bc3 Rd8 11. Rc1 Nbd7 12. Nbd2 b6 13. Nb3 Bb7 14. Nxc5
Nxc5 15. Ng5 Rac8 16. Be2 h6 17. Nh3 Kf8 18. Bd4 a5 19. Rd1 Ncd7 20. Bb5 e5 21.
Bc3 Be4 22. f3 Bc2 23. Rd2 Bf5 24. g4 Be6 25. Nf2 Nd5 26. Rad1 Nxc3 27. bxc3
Ke7 28. Ne4 Nf6 29. Nd6 e4 30. g5 hxg5 31. Nxc8+ Rxc8 32. fxe4 Nxe4 33. Rb2
Nxc3 34. Ra1 Kf6 35. Ba6 Rc6 36. a3 g6 37. Bb7 Rd6 38. Re1 Na4 39. Rbb1 Rd3 40.
Ra1 Ke5 41. Bg2 b5 42. Bf1 Rb3 43. Reb1 Nc3 44. Rxb3 Bxb3 45. Kf2 Bd5 46. Bd3
b4 47. axb4 axb4 48. Ra5 b3 49. Bc4 b2 50. Bxd5 Kd6 51. e4 b1=Q 52. e5+ Ke7 53.
Ra7+ Kf8 54. Ra8+ Kg7 55. Bf3 Qb2+ 56. Kg1 {Hossa resigns} 0-1

[Event "ICS rated blitz match"]
[Site "204.178.125.65"]
[Date "2001.07.20"]
[Round "?"]
[White "Hossa"]
[Black "cfd"]
[Result "1-0"]
[WhiteElo "2621"]
[BlackElo "2210"]
[PlyCount "163"]
[EventDate "2001.??.??"]

1. d4 d6 2. g3 e5 3. dxe5 dxe5 4. Qxd8+ Kxd8 5. Nc3 Bd6 6. Bg2 Ne7 7. Bd2 Nbc6
8. Nf3 f6 9. Nb5 Be6 10. O-O Bc5 11. Rfd1 Kc8 12. a4 a6 13. Nc3 Rd8 14. Ne4 Bd6
15. Rab1 a5 16. h3 Bf5 17. Nxd6+ Rxd6 18. Ne1 Be6 19. b3 Bd5 20. e4 Be6 21. f4
b6 22. f5 Bf7 23. Be3 Rxd1 24. Rxd1 Kb7 25. Rd7 Rd8 26. Rxd8 Nxd8 27. Nd3 Ndc6
28. Bf3 Nb4 29. Nxb4 axb4 30. Kf2 c5 31. Be2 Nc6 32. Kf3 Nd4+ 33. Bxd4 cxd4 34.
Bb5 Kc7 35. g4 Kd6 36. h4 Kc5 37. Kg3 Kd6 38. Kg2 Kc5 39. Bd3 Kd6 40. Kf2 Kc5
41. Bb5 Kd6 42. Ke2 Kc5 43. h5 h6 44. Kf3 Kd6 45. Kg3 Kc5 46. Kf2 Kd6 47. Kg2
Kc5 48. Kf1 Kd6 49. Ke1 Kc5 50. Ke2 Kd6 51. Kd3 Kc5 52. Ba6 Be8 53. Bc8 b5 54.
a5 Kc6 55. a6 Kb6 56. Ke2 Bc6 57. Kf3 Be8 58. Bb7 Bc6 59. Bxc6 Kxc6 60. a7 Kb7
61. a8=B+ Kxa8 62. Ke2 Kb7 63. Kf2 Kb6 64. Ke1 Kc6 65. Kf1 Kc5 66. Ke2 Kc6 67.
Ke1 Kb6 68. Kd1 Kc5 69. Kc1 Kc6 70. Kb1 Kb6 71. Ka1 Kc6 72. Ka2 Kb6 73. Kb2 Kc6
74. Kc1 Kb6 75. g5 Kc6 76. gxf6 Kb6 77. fxg7 Kc6 78. f6 Kb6 79. f7 Kc6 80. f8=Q
Kb6 81. Qd6+ Kb7 82. g8=Q {cfd resigns} 1-0